| 000 | 02954nam0a22004691 4500 | ||
|---|---|---|---|
| 001 | RU\NLR\A1\22496 | ||
| 005 | 20251203152403.2 | ||
| 035 | _a(NLR Aleph) 009676957 | ||
| 090 |
_a9686613 _c9686613 |
||
| 100 | _a19980916d1790 a y0rusy50 ca | ||
| 101 | 0 |
_arus _aita _arus _gita |
|
| 102 | _aRU | ||
| 135 | _acrcn 024anaba | ||
| 200 | 1 |
_aDialoghi italiani divisi in 130. lezioni _ead uso della Gloventù, e di tutti quelli che cominciano ad imparare la detta lirgua. _fTradotti dal russo da L.B. _gRivedutti, e corretti da Giuseppe Galli. _aРазговоры италиянские разделенные на 130 уроков _eдля употребления юношеству и всем начинающим учиться сему языку _fПереведенные с российскаго Л.Б. _gПересмотренныя и переплавленныя [!] Иосифом Галли |
|
| 210 |
_aВ Москве _cпечатана у Г.Вейса _d1790 |
||
| 215 |
_aVIII, 224 с. _d12° |
||
| 303 | _aТекст парал. на рус. и итал. яз. | ||
| 316 |
_aЭкз. РНБ (18.71.6.67) в составном картон. пер., оклеенном "мрамор." бумагой, с кожан. корешком и уголками. На корешке тисненый золотом орнамент и красная кожан. наклейка с вытисн. золотом надпись. "Разгово италиян" (позолота частично утрачена). Обрез тонированный желтый. На нижней крышке пер. экслибрис РНБ с шифром. На форзаце ярлык РНБ с шифром. На тит. л., с.33 и 224 круглый штамп ГПБ. Размер: 18х10,8х1,5 см _5NLR: 18.71.6.67 |
||
| 321 | 1 | _aСК XVIII 5816 | |
| 325 | _aКопия доступна в Электрон. б-ке РНБ | ||
| 620 | _dМосква | ||
| 702 | 1 |
_aГалли _bИ.А. _f1750-1832 _gИосиф Андреевич _4340 |
|
| 702 | 0 |
_aЛ.Б. _4730 |
|
| 702 | 1 |
_aВейс _bГ. _gГригорий _4610 |
|
| 712 | 0 | 0 |
_4610 _aВейс, _cМосква _gГ., _hтипография _9515723 _3RU\NLR\AUTH\880425594 |
| 801 | 0 |
_aRU _bNLR _c19980916 |
|
| 852 |
_aNLR _j18.71.6.67 |
||
| 856 | 0 | _uhttp://vivaldi.nlr.ru/bx000018233/view | |
| 856 | 1 | _uhttp://vivaldi.nlr.ru/bx000018233/cover | |
| 856 | 2 | _uhttp://vivaldi.nlr.ru/bx000018233/text | |
| 899 | _aРГБ | ||
| 899 | _aБАН | ||
| 942 | _cBOOK | ||
| 980 | _aNB | ||
| 980 | 3 | _akpcivil | |
| 980 | 3 | _akp | |
| 980 | _aA1XVIIIv | ||
| 981 | 2 | 0 |
_a(20) Книжные памятники РНБ _b(20) Русский книжный фонд |